Click to Locate Oceanian Nations - Statistics

General Stats
  • This quiz has been taken 297 times
  • The average score is 10 of 15
Answers on the Map
Answers color-coded by a green-red scale on the quiz's map according to % correct below.
 
Answer Stats
Answer % Correct
Fiji
88%
Samoa
86%
Solomon Islands
82%
New Caledonia (France)
77%
Federated States of Micronesia
74%
Marshall Islands
71%
Vanuatu
71%
Palau
65%
Tuvalu
62%
Nauru
60%
French Polynesia
58%
Kiribati
58%
Tonga
48%
Niue
38%
Guam
36%
No matching quizzes found
Score Distribution
Percent of People with Each Score
Percentile by Number Answered
Your Score History
You have not taken this quiz